Public debt management for Lebanon situation analysis and strategy for change /

Bibliographic Details
Main Author: Jomaa, Imad.
Corporate Author: ProQuest (Firm)
Format: Electronic eBook
Language:English
Published: Reading, UK : Ithaca Press, c2007.
Edition:1st ed.
Subjects:
Online Access:Click to View
LEADER 01289nam a2200361 a 4500
001 EBC1936902
003 MiAaPQ
005 20200520144314.0
006 m o d |
007 cr cn|||||||||
008 070618s2007 enka sb 000 0 eng d
010 |z  2007407390 
020 |z 0863723179 
020 |z 9780863723179 
035 |a (MiAaPQ)EBC1936902 
035 |a (Au-PeEL)EBL1936902 
035 |a (CaPaEBR)ebr10302868 
035 |a (CaONFJC)MIL135707 
035 |a (OCoLC)908080657 
040 |a MiAaPQ  |c MiAaPQ  |d MiAaPQ 
043 |a a-le--- 
050 4 |a HJ8772  |b .J65 2007 
100 1 |a Jomaa, Imad. 
245 1 0 |a Public debt management for Lebanon  |h [electronic resource] :  |b situation analysis and strategy for change /  |c Imad Jomaa. 
250 |a 1st ed. 
260 |a Reading, UK :  |b Ithaca Press,  |c c2007. 
300 |a viii, 79 p. :  |b ill. 
504 |a Includes bibliographical references (p. 79). 
533 |a Electronic reproduction. Ann Arbor, MI : ProQuest, 2015. Available via World Wide Web. Access may be limited to ProQuest affiliated libraries. 
650 0 |a Debts, Public  |z Lebanon  |x Management. 
655 4 |a Electronic books. 
710 2 |a ProQuest (Firm) 
856 4 0 |u https://ebookcentral.proquest.com/lib/matrademy/detail.action?docID=1936902  |z Click to View